| 000 | 00403nam a2200157 a 4500 | ||
|---|---|---|---|
| 005 | 20140412111429.0 | ||
| 008 | 090711s19uu xx 00 eng d | ||
| 020 | _a0590-41571-9 | ||
| 050 |
_aER _bIt1 1982 |
||
| 100 | _aPrelutsky, Jack | ||
| 245 |
_aIt's Thanksgiving / _cJack Prelutsky. |
||
| 260 |
_aU.S.A : _bNew York, _c1982. |
||
| 300 | _a47p. | ||
| 650 | _aThanksgiving Poems | ||
| 999 |
_c106310 _d106310 |
||